000
00288nam a2200097Ia 4500
005
20251222152026.0
008
251222s9999||||xx |||||||||||||| ||spa||
082
_a
630.1/I59/V.16/T.3
245
0
_a
III Censo Nacional Agropecuario: Resultados Definitivos: Departamento de Ancash
942
_c
LIB
999
_c
25473
_d
25473